000 00596nam a2200193Ia 4500
003 GCL
008 140319s9999 xx 000 0 ara d
040 _aGCL /
_cGCL
082 0 4 _a811.91
_bع ز
100 1 _aعبدالمتعال الصعيدى
245 1 0 _aزعامة الشعر الجاهلى : بين امرىء القيس وعدى بن زيد /
_cعبدالمتعال الصعيدى
300 _a135 ص
490 _a
650 0 4 _aالادب العربى
650 0 4 _aالشعر الجاهلى
650 0 4 _aامرؤ القيس
650 0 4 _aعدى بن زيد
942 _2ddc
_cBK
999 _c45513
_d45513